Statistics for Pink Floyd Songs Using Any Word

Click here to take the quiz!

General Stats

  • This quiz has been taken 617 times
  • The average score is 92 of 165

Answer Stats

Answer% Correct
Another Brick in the Wall, Part 2
99%
Another Brick in the Wall, Part 1
99%
Several Species of Small Furry Animals Gathered Together in a Cave and Grooving with a Pict
99%
Another Brick in the Wall, Part 3
99%
A New Machine (Part 1)
99%
Shine On You Crazy Diamond (Parts I-V)
99%
Candy and a Currant Bun
98%
The Dogs of War
98%
A Saucerful of Secrets
98%
Remember a Day
98%
Pigs on the Wing (Part 1)
98%
A Great Day for Freedom
98%
Pigs on the Wing (Part 2)
98%
A Pillow of Winds
98%
Have a Cigar
98%
A Spanish Piece
98%
A New Machine (Part 2)
98%
Two Suns in the Sunset
97%
The Great Gig in the Sky
97%
In the Flesh
97%
On the Turning Away
97%
Welcome to the Machine
97%
Set the Controls for the Heart of the Sun
97%
In the Flesh?
97%
On the Run
97%
Outside the Wall
97%
The Show Must Go On
97%
The Happiest Days of Our Lives
96%
Green Is the Colour
96%
When the Tigers Broke Free
96%
Point Me at the Sky
96%
One of the Few
96%
The Gold It's in the...
96%
The Nile Song
95%
The Grand Vizier's Garden Party
95%
The Narrow Way
95%
The Post War Dream
95%
The Final Cut
95%
Waiting for the Worms
95%
The Gunner's Dream
95%
Bring the Boys Back Home
95%
The Lost Art of Conversation
95%
Wearing the Inside Out
95%
The Thin Ice
95%
Wot's... Uh the Deal?
94%
The Hero's Return
94%
Wish You Were Here
94%
What Do You Want from Me
94%
The Fletcher Memorial Home
94%
The Scarecrow
94%
The Trial
94%
The Gnome
94%
Up the Khyber
94%
Pow R. Toc H.
93%
Shine On You Crazy Diamond (Parts VI-IX)
93%
It's What We Do
90%
Allons-y (1)
89%
Allons-y (2)
88%
Any Colour You Like
87%
Speak to Me
87%
Hey You
84%
It Would Be So Nice
82%
Us and Them
81%
When You're In
81%
One of my Turns
80%
One of These Days
78%
On Noodle Street
74%
Don't Leave Me Now
74%
Take Up Thy Stethoscope and Walk
72%
Let There Be More Light
72%
Signs of Life
71%
Is There Anybody Out There?
70%
Coming Back to Life
70%
Learning to Fly
68%
Atom Heart Mother
65%
Apples and Oranges
64%
Round and Around
64%
Eyes to Pearls
63%
Ebb and Flow
62%
Pigs (Three Different Ones)
60%
Take It Back
59%
Cluster One
58%
One Slip
57%
Money
57%
Goodbye Blue Sky
56%
Time
56%
Get Your Filthy Hands Off My Desert
55%
Run Like Hell
53%
Lost for Words
50%
Matilda Mother
49%
Careful with That Axe, Eugene
49%
Mother
49%
Comfortably Numb
47%
Fat Old Sun
46%
Not Now John
42%
Dogs
41%
Obscured by Clouds
40%
See Emily Play
40%
Your Possible Pasts
38%
Free Four
36%
If
36%
Breathe
36%
More Blues
35%
See-Saw
33%
Sheep
33%
Brain Damage
33%
Eclipse
31%
Yet Another Movie
30%
Nobody Home
29%
Crying Song
29%
Echoes
27%
Childhood's End
26%
Night Light
26%
High Hopes
25%
Young Lust
24%
Goodbye Cruel World
24%
Louder than Words
22%
Chapter 24
22%
Vera
21%
Julia Dream
21%
Summer '68
21%
San Tropez
18%
Bike
18%
Arnold Layne
17%
Astronomy Domine
17%
Alan's Psychedelic Breakfast
16%
Fearless
15%
Sum
15%
Seamus
15%
Interstellar Overdrive
15%
Jugband Blues
15%
Paranoid Eyes
14%
Lucifer Sam
14%
Autumn '68
14%
Stop
14%
Empty Spaces
13%
Sorrow
12%
Keep Talking
11%
Marooned
11%
Things Left Unsaid
10%
Stay
9%
Grantchester Meadows
9%
Sysyphus
9%
Party Sequence
9%
Corporal Clegg
8%
Talkin' Hawkin'
8%
Burning Bridges
7%
Terminal Frost
7%
Cymbaline
7%
Southampton Dock
7%
Poles Apart
7%
Paint Box
6%
Ibiza Bar
6%
Absolutely Curtains
6%
Cirrus Minor
6%
Flaming
6%
Main Theme
6%
Mudmen
6%
Dramatic Theme
5%
Anisina
4%
Quicksilver
4%
Skins
3%
Calling
3%
Unsung
2%
Surfacing
2%

Score Distribution

Percentile by Number Answered

Percent of People with Each Score

Your Score History

You have not taken this quiz